000 00674nam a2200241Ia 4500
001 Z_5833
003 CHAP
008 220113s2009 xx 000 0 und d
010 _a169036
040 _cCHAP
090 _aTesis S 2144
100 _aSalgado Arriaga, Omar
_9101570
245 _aRendimiento y calidad en canar de corderos dosificados con vitamina E /
_cOmar Salgado Arriaga
260 _aChapingo, Méx. :
_bEl autor,
_c2009
300 _a53 h.
502 _aTesis (Maestro en Ciencias en Innovación Ganadera) -- UACH. Departamento de zootecnia
901 _aTESIS S 2144
902 _aA
910 _a2009
942 _c2
942 _c2
999 _c169036
_d169036